书目信息 |
| 书名: | Conflict and compromise in multilingual societies | |
| 作者: | Kenneth D. McRae. | |
| 分册号: | ||
| 分册名: | 出版地: | Waterloo, Ont., Canada : |
|
| 出版社: | Wilfrid Laurier University Press | |
| 出版时间: |
c1983- |
|
| 页数: | v. <1-3 > : | |
| 开本: | 24 cm. | |
| 丛书名: | ||
| 中图分类号: | ||
| 科图分类号: | ||
| 其他分类号: | H0 | |
| 主题词: | ||
| 电子资源: | ||
| 000 | 01386cam a2200373 a 450 | |
| 001 | E0736150164 | |
| 005 | 20070427100439.81 | |
| 008 | 841002m19839999oncab b 001 0 eng | |
| 010 | @a84222101@z99233316 | |
| 035 | @A(DLC) 84222101 | |
| 040 | @aDLC@cDLC@dDLC | |
| 043 | @ae-sz--- | |
| 050 | 00 | @aP115.5.S9@bM37 1983 |
| 082 | 00 | @a305.7/09494@2 19 |
| 090 | @aH0 | |
| 099 | @dH0@ex78 | |
| 100 | 1 | @aMcRae, Kenneth D.@q(Kenneth Douglas) |
| 245 | 10 | @aConflict and compromise in multilingual societies / @cKenneth D. McRae. |
| 260 |
@aWaterloo, Ont., Canada :@bWilfrid Laurier University Press,@cc1983- |
|
| 300 | @av. <1-3 > :@bill., maps ;@c24 cm. | |
| 500 | @aVol. 3 has "with the assistance of Mika Helander and Sari Luoma" on t.p. | |
| 500 | @aIncludes indexes. | |
| 504 | @aIncludes bibliographical references. | |
| 505 | 1 | @av. 1. Switzerland -- v. 2. Belgium -- v. 3. Finland. |
| 650 | 0 | @aSociolinguistics@zSwitzerland. |
| 650 | 0 | @aMultilingualism@zSwitzerland. |
| 651 | 0 | @aSwitzerland@xSocial conditions@y1945- |
| 651 | 0 | @aSwitzerland@xLanguages@xPolitical aspects. |
| 651 | 0 | @aSwitzerland@xPolitics and government. |
| 700 | 1 | @aHelander, Mika. |
| 700 | 1 | @aLuoma, Sari. |
| 906 | @a7@bcbc@corignew@d2@encip@f19@gy-gencatlg | |
| 955 | @alg25 (v. 3) 04-27-98 | |
| 991 | @bc-GenColl@hP115.5.S9@iM37 1983@tCopy 1@wBOOKS | |
| Conflict and compromise in multilingual societies / / Kenneth D. McRae.-Waterloo, Ont., Canada : : Wilfrid Laurier University Press, , c1983- |
| v. <1-3 > : : ill., maps ; ; 24 cm. |
| Vol. 3 has "with the assistance of Mika Helander and Sari Luoma" on t.p.-Includes indexes.-Includes bibliographical references.-v. 1. Switzerland -- v. 2. Belgium -- v. 3. Finland. |
| ISBN |
| ● |
| 相关链接 |
|
|
|
|
正题名:Conflict and compromise in multilingual societies
索取号:H0/x78
 
预约/预借
| 序号 | 登录号 | 条形码 | 馆藏地/架位号 | 状态 | 备注 |
| 1 | 4779 | 300047795 | 第二样本阅览室/ [索取号:H0/x78] | 在馆 |